000 01548nam a2200469 i 4500
001 1424
003 KOSZ 005
005 20200804141433.0
008 040519s1976 pl a f |000 0 pol
015 _aUWD 1976/7900
035 _a991023609279705066
035 _a(PL-WaBN)b1646848x-48omnis_nlop
035 _ab1646848x
035 _a(OCoLC)749393529
035 _a(PL)b0000001646848
035 _a(EXLNZ-48OMNIS_NETWORK)9910189303405606
040 _aWA N
_cWA N
_dKOSZ 005/HR
041 0 _apol
080 _a621.38
100 1 _aRozdział, Paweł
_eAutor
245 1 0 _aTechnologia hermetyzacji sprzętu elektronicznego /
_cPaweł Rozdział.
260 _aWarszawa :
_bWydawnictwa Naukowo-Techniczne,
_c1976.
300 _a373, [3] s. :
_bil., tab., wykr. ;
_c21 cm.
336 _aTekst
_btxt
_2rdacontent
337 _aBez urządzenia pośredniczącego
_bn
_2rdamedia
338 _aWolumin
_bnc
_2rdacarrier
380 _aKsiążki
380 _aPublikacje fachowe
388 _a1901-2000
388 _a1945-1989
490 1 _aElektronika
504 _aBibliogr. s. 369-[374].
650 7 _aElektronika
_2DBN
650 7 _aUrządzenia
650 7 _aUszczelnienia
_2DBN
658 _aInżynieria i technika
710 2 _aWydawnictwa Naukowo-Techniczne
_4pbl
856 _uhttp://koha.tu.koszalin.pl/cgi-bin/koha/opac-detail.pl?biblionumber=1424
_zKatalog online BPK
830 0 _aElektronika - Wydawnictwa Naukowo-Techniczne
942 _2UKD
_cKS
999 _c1424
_d1424